| 000 | 00670cam a2200145 4500500 | ||
|---|---|---|---|
| 005 | 20260111094521.0 | ||
| 041 | _afre | ||
| 042 | _adc | ||
| 100 | 1 | 0 |
_aPrévert, Gaëtan _eauthor |
| 245 | 0 | 0 | _aJean Cantelaube, La Forge à la catalane dans les Pyrénées ariégeoises, une industrie à la montagne (xviie-xixe siècle), Toulouse, cnrs-Université de Toulouse Le Mirai, 2005, 815 p., 40 €, isbn : 2912025176 |
| 260 | _c2006. | ||
| 500 | _a2 | ||
| 786 | 0 | _nHistoire & Sociétés Rurales | 26 | 2 | 2006-12-01 | p. 193l-241l | 1254-728X | |
| 856 | 4 | 1 | _uhttps://shs.cairn.info/revue-histoire-et-societes-rurales-2006-2-page-193l?lang=fr&redirect-ssocas=7080 |
| 999 |
_c1628643 _d1628643 |
||